000 00764nmm a2200265 a 4500
003 AR-BaBNM
005 20251128210352.0
008 290020s1995 ||||||||||||||000 | spa||
020 _a987-9072-08-1
040 _cAR-BaBNM
100 1 _aAguilera, Néstor E.
245 1 0 _aInvitación al cálculo
_bcon computación usando Mathematica
260 _aBuenos Aires
_bRed olímpica
_c1995
300 0 _a56 p.
_btablas, gráfs.
610 2 4 _aOlimpiada Matemática [Argentina]
650 4 _aENSENANZA DE LAS MATEMATICAS
650 4 _aINFORMATICA
650 4 _aCALCULO
650 4 _aCONCEPTOS MATEMATICOS
650 4 _aENSENANZA POR COMPUTADORA
650 4 _aPROGRAMAS DE ENSENANZA
653 _aOPERACIONES MATEMATICAS
942 _cBK
998 _cRaquel
999 _c15173
_d15173